The 250 secondary diseases/disorders to Alcoholism / (Record no. 5541)

MARC details
000 -LEADER
fixed length control field 00637nam a22002057a 4500
003 - CONTROL NUMBER IDENTIFIER
control field GBCCL
005 - DATE AND TIME OF LATEST TRANSACTION
control field 20241126110544.0
008 - FIXED-LENGTH DATA ELEMENTS--GENERAL INFORMATION
fixed length control field 180326b ||||| |||| 00| 0 eng d
020 ## - INTERNATIONAL STANDARD BOOK NUMBER
International Standard Book Number 0882706101
040 ## - CATALOGING SOURCE
Transcribing agency gbc
082 ## - DEWEY DECIMAL CLASSIFICATION NUMBER
Classification number 261.832292
Item number DRE
100 ## - MAIN ENTRY--PERSONAL NAME
Personal name Drews, Toby Rice
9 (RLIN) 10000
245 ## - TITLE STATEMENT
Title The 250 secondary diseases/disorders to Alcoholism /
Statement of responsibility, etc. Toby Rice Drews
260 ## - PUBLICATION, DISTRIBUTION, ETC.
Place of publication, distribution, etc. South Plainfield:
Name of publisher, distributor, etc. Bridge Publishing, Inc.,
Date of publication, distribution, etc. 1985
300 ## - PHYSICAL DESCRIPTION
Extent 45 p.;
Dimensions 21 cm.
650 ## - SUBJECT ADDED ENTRY--TOPICAL TERM
Topical term or geographic name entry element Alcoholics
Form subdivision Family Relationships
9 (RLIN) 10001
650 ## - SUBJECT ADDED ENTRY--TOPICAL TERM
Topical term or geographic name entry element Alcohol
Form subdivision Physiological effect
9 (RLIN) 10002
650 ## - SUBJECT ADDED ENTRY--TOPICAL TERM
Topical term or geographic name entry element Alcoholism
Form subdivision Complications
9 (RLIN) 10003
942 ## - ADDED ENTRY ELEMENTS (KOHA)
Source of classification or shelving scheme Dewey Decimal Classification
Koha item type Books
Holdings
Withdrawn status Lost status Source of classification or shelving scheme Damaged status Not for loan Home library Current Library Shelving location Date acquired Total checkouts Full call number Barcode Date last seen Copy number Price effective from Koha item type
    Dewey Decimal Classification     GRACE BIBLE COLLEGE GRACE BIBLE COLLEGE Ministry & Mission 2018-03-26   261.832292 DRE 005954 2025-05-27 c.1 2018-03-26 Books
© Grace Bible College Library 2025